00688 2200289 4500001002100000008004100021020002200062035002000084082000800104084001400112100002100126245005700147250000600204260004200210300001200252650001400264990001200278990001200290990001200302990001200314990001200326990001200338990001200350990001200362990001200374990001200386INLIS000000000001161 ind  a978-602-1634-37-0 a0010-0524000396 a900 a900 TOT m aWidyarsono, Toto aMelawan Dalam Volksraad M.H ThamrincToto Widyarsono a1 aYogyakarta :bMatapadi Presindoc2020 a112 hlm aNon Fiksi a0744802 a0744803 a0744804 a0744805 a0744806 a0744807 a0744808 a0744809 a0744810 a0744811